000 00417nam a22001697a 4500
003 MPLRDC
005 20220104154145.0
008 210129b ||||| |||| 00| 0 eng d
082 _a868.71 YN-8
100 _a叶宁、曾毓林合著
245 _a阿满与牛顿
_c
250 _a初版
260 _a马来西亚
_b丹袖出版社
_c1997
300 _b
650 _a马华文学
942 _cBK
_o868.71 YN-8
999 _c53829
_d53819